H.G.Wells in love : postscript to an experiment in autobiography
| Other Authors: | |
|---|---|
| Format: | Book |
| Published: |
Boston :
Little,Brown and Co. ,
1984
|
| Subjects: |
MARC
| LEADER | 00000cam a2200000 7i4500 | ||
|---|---|---|---|
| 001 | 0000007956 | ||
| 002 | 000008532 | ||
| 005 | 20000330.0 | ||
| 020 | |a T000000657 | ||
| 090 | 0 | 0 | |a 920 |b HGW |
| 245 | 0 | 0 | |a H.G.Wells in love : |b postscript to an experiment in autobiography |c edited by G.P.Wells |
| 260 | |a Boston : |b Little,Brown and Co. , |c 1984 | ||
| 300 | |a 253p. ; |c 24cm. | ||
| 650 | 0 | 0 | |a H.G.Wells |x Biography |
| 700 | 1 | |a Wells, G.P | |
| 999 | |a 0009870 |b BUKU |c PINJAMAN |e PERPUSTAKAAN KOMUNITI PETALING JAYA | ||